000 00678nam a2200277Ia 4500
005 20260324143040.0
008 008 260324s9999 xx 000 0 eng d
020 _a9781315047201
037 _aEBOOK
040 _aCRL
040 _beng
040 _cCRL
041 _2eng
041 _aeng
084 _qCRL
100 _aLarry G. Murphy; J. Gordon Melton; Gary L. Ward
_91214195
245 0 _aEncyclopedia of African American Religions
260 _bTaylor and Francis
260 _c1993
365 _a
365 _b350
856 _uhttp://www.taylorfrancis.com/books/9781315047201
942 _cEBOOK
999 _c1819136
_d1819136